000 00322nam a2200145Ia 4500
100 _aBarkakati/Nabajyoti
942 _cBK
654 _aProgramming C++
245 _aObject oriented programming in C++
260 _bP.H.I.
_aNew Delhi
_c1995
082 _a5.13
_bPAN
300 _a739
546 _aENGLISH
999 _c19595
_d19595